000 00982cam a22002897a 4500
003 CHAP
005 20220329141943.0
008 980928d1916 mx r 00010 spa d
010 _a76212
011 _a77184
035 _a86787
040 _cCHAP
082 0 4 _a338.1735
_bl5
245 1 3 _aLa liberacion del henequén, fuente de riqueza del estado de Yucatán :
_bel golpe de muerte a un famoso monopolio
_c/por Gobierno Constitucionalista
260 _aMérida, Yuc. :
_bImprenta del Gobierno Constitucionalista,
_c1916.
300 _a18 p.
590 _aBATCH-UPD
_b10
_c20130110
_lUCH01
_h0421
590 _aBATCH-UPD
_b10
_c20130410
_lUCH01
_h0056
590 _aBATCH-UPD
_b10
_c20130914
_lUCH01
_h1606
590 _aCONVERSION
_b10
_c20130109
_lUCH01
_h1342
650 1 4 _aHenequén
_xHistoria.
_953576
650 1 4 _aHenequén
_xMercadeo.
_953581
901 _aBK
905 _aGuadalupe Pinto C.
942 _cLIBRO
949 _a338.1735 L5
_bBC
_cBPP
_d867871
_eBPP
_h94155
_i86787
_sb
999 _c76212
_d76212